000 00453cam a2200181 a 4500
020 _a0849365562 (v. 1)
040 _cNLM
082 _a612 CRC 1984 A110 Or.
100 1 0 _aRegoeczi, Erwin,
245 1 0 _aIodine-labeled plasma proteins /
260 0 _aBoca Raton, Fla. :
_bCRC Press,
_cc1984-
300 _av. :
_bill
650 2 _aBlood Proteins
650 2 _aIodine
650 2 _aIodine Radioisotopes
650 2 _aIsotope Labeling
942 _cEK
999 _c16691
_d16691